000 00229nam a2200097Ia 4500
008 170619s9999 xx 000 0 und d
100 _aCHAUHAN- DS
245 0 _aNON CONVETIONAL ENERGY
260 _bNew Age International
260 _c2006
546 _aENGLISH
999 _c18582
_d18582